Junie B. Jones Books Quiz Stats

 Plays Quiz not verified by Sporcle

Also try: Types of Poems
Challenge
Share
Tweet
Score 0/10 Timer 06:00
0 Plays Today
% Correct
Junie B. Jones Is a Party Animal
88.5%
Junie B. Jones Has a Monster Under Her Bed
88.5%
Junie B. Jones and Her Big Fat Mouth
57.7%
Junie B. Jones Is Not a Crook
57.7%
Junie B. Jones Has a Peep in Her Pocket
57.7%
Junie B. Jones and the Mushy Gushy Valentine
50%
Junie B. Jones Smells Something Fishy
42.3%
Junie B. Jones and a Little Monkey Business
38.5%
Junie B. Jones and some Sneaky Peeky Spying
34.6%
Junie B. Jones is a Graduation Girl
34.6%

You're not logged in!

Compare scores with friends on all Sporcle quizzes.
Join for Free
OR
Log In

You Might Also Like...

Show Comments

Extras

Top Quizzes Today


Score Distribution

Your Account Isn't Verified!

In order to create a playlist on Sporcle, you need to verify the email address you used during registration. Go to your Sporcle Settings to finish the process.

Report this User

Report this user for behavior that violates our Community Guidelines.

Details: